Normal view
MARC view
Entry Personal Name
001 - CONTROL NUMBER
- control field: 230101
003 - CONTROL NUMBER IDENTIFIER
- control field: OSt
005 - DATE AND TIME OF LATEST TRANSACTION
- control field: 20250729165651.0
008 - FIXED-LENGTH DATA ELEMENTS
- fixed length control field: 250729|| aca||aabn | a|a d
040 ## - CATALOGING SOURCE
- Original cataloging agency: OSt
- Transcribing agency: OSt
100 ## - HEADING--PERSONAL NAME
- Personal name: Center for Enviournment Education
670 ## - SOURCE DATA FOUND
- Source citation: Work cat.: (OSt)238613: Center for Enviournment Education, Enviournment and Development Traditions , concerus and Efforts, 1995